000 00547nam a2200121Ia 4500
008 220620s9999||||xx |||||||||||||| ||und||
100 _aNaveena, Balakrishnan||Armshaw, Patricia||Tony Pembroke, J.
245 0 _aChapter The Potential of the Photoautotroph Synechocystis for Metal Bioremediation
546 _aEnglish[eng]
650 _aEarth sciences, geography, environment, planning
856 _uhttps://library.oapen.org/bitstream/20.500.12657/49139/1/48747.pdf||https://library.oapen.org/bitstream/20.500.12657/49139/1/48747.pdf
942 _cEB
999 _c25569
_d25569